Kousavé koláže /

Hlavní autor: Mertlová, Arana, 1938-2009
Další autoři: Sak, Robert, 1933-2014
Jazyk: Čeština
Vydáno: Praha : Gemini 99, 2003
Vydání: Vyd. 1.
Témata:
Externí odkaz: Digitalizovaný dokument
Fyzický popis: 57 s. : barev. il. ; 30 cm
Knihy
Uloženo v:
LEADER 01540nam a2200433 a 4500
001 000712379
003 CZ BrMZK
005 20040427140014.0
007 ta
008 040422s2003 xr a e 000 0dcze d
015 |a cnb001293172 
020 |a 80-902757-4-5  |q (váz.) 
035 |a (OCoLC)56853861 
040 |a ABA001  |b cze  |d BOA001 
043 |a e-xr--- 
072 7 |a 72/76  |x Výtvarné umění  |2 Konspekt  |9 21 
080 |a 7.04  |2 MRF 
080 |a 323  |2 MRF 
080 |a (437.3)  |2 MRF 
080 |a (084.11)  |2 MRF 
080 |a (0:82-84)  |2 MRF 
080 |a 929  |2 MRF 
080 |a 73/77.02  |2 MRF 
100 1 |a Mertlová, Arana,  |d 1938-2009  |7 xx0007806  |4 aut  |4 art 
245 1 0 |a Kousavé koláže /  |c Arana Mertlová ; [úvod Robert Sak] 
250 |a Vyd. 1. 
260 |a Praha :  |b Gemini 99,  |c 2003 
300 |a 57 s. :  |b barev. il. ;  |c 30 cm 
600 1 7 |a Mertlová, Arana,  |d 1938-  |7 xx0007806  |2 czenas 
650 0 7 |a umělecké náměty  |7 ph138227  |2 czenas 
650 0 7 |a koláže  |7 ph121736  |z Česko  |y 20.-21. stol.  |2 czenas 
655 7 |a citáty  |7 fd131832  |2 czenas 
655 7 |a obrazové publikace  |7 fd132947  |2 czenas 
651 7 |a Česko  |7 ge128065  |x společnost a politika  |y 20.-21. stol.  |2 czenas 
700 1 |a Sak, Robert,  |d 1933-2014  |7 jk01110308  |4 wfw 
856 4 1 |u http://www.digitalniknihovna.cz/mzk/uuid/uuid:d57845a0-f9a7-11e2-9923-005056827e52  |y Digitalizovaný dokument  |x NDK 
910 |a BOA001  |b 3-1134.162 
990 |a BK 
996 6 |b 2610218099  |c 3-1134.162  |l MZK  |r Sklad / do 1 hodiny  |n 0  |p p.v.  |w 000712379  |u 000010  |a 1  |e BOA001  |j MZK50  |s P